[Event "CHI-ch"]
[Site "Santiago"]
[Date "2024.02.20"]
[Round "2"]
[White "Contreras Suazo, Ricardo Ignacio"]
[Black "Avalos Parra, Joao"]
[Result "0-1"]
[WhiteElo "1937"]
[BlackElo "2178"]
[PlyCount "126"]
[EventDate "2024.02.19"]
[EventType "swiss"]
[EventRounds "11"]
[EventCountry "CHI"]
[SourceTitle "CB09_2024"]
[SourceDate "2024.02.28"]
[SourceVersion "1"]
[SourceVersionDate "2024.02.28"]
[SourceQuality "1"]

1. d4 e6 2. Nf3 Nf6 3. g3 d5 4. c4 Be7 5. Bg2 c6 6. 0-0 0-0 7. Qc2 Nbd7 8. Nbd2 b6 9. b3 Bb7 10. Bb2 Rc8 11. e4 dxe4 12. Nxe4 c5 13. Ne5 Nxe5 14. Nxf6+ gxf6 15. Bxb7 cxd4 16. Bxc8 Qxc8 17. Qd1 Rd8 18. f4 Ng6 19. Qf3 e5 20. f5 Nf8 21. Rad1 Bc5 22. Rfe1 Nd7 23. Re4 Kh8 24. Qh5 Qc6 25. Qh4 Bf8 26. Bc1 b5 27. Rde1 bxc4 28. Qh5 d3 29. Qxf7 Bc5+ 30. Kg2 c3 31. Kh3 Rf8 32. Qh5 Qd5 33. Bh6 Qf7 34. Qd1 d2 35. Bxf8 dxe1Q 36. Rxe1 Nxf8 37. Qd3 Bd4 38. Re4 Qc7 39. Qa6 Bb6 40. Rc4 Qd7 41. Rxc3 Qxf5+ 42. g4 Qd7 43. Rc8 Kg7 44. Qc4 h5 45. a4 Qxg4+ 46. Qxg4+ hxg4+ 47. Kxg4 Ne6 48. b4 Kg6 49. Rg8+ Ng7 50. a5 f5+ 51. Kg3 Bd4 52. b5 Kf6 53. Rc8 Ne6 54. Rc6 e4 55. b6 axb6 56. axb6 f4+ 57. Kg2 f3+ 58. Kf1 e3 59. b7 e2+ 60. Ke1 Be5 61. Rc8 Nf4 62. Kd2 Nd3 63. Rf8+ Kg7 0-1

[Event "CHI-chT"]
[Site "Chile"]
[Date "2023.11.08"]
[Round "4.3"]
[White "Soto Fontecilla, David Alejandro"]
[Black "Contreras Suazo, Ricardo Ignacio"]
[Result "0-1"]
[WhiteElo "1519"]
[BlackElo "1950"]
[PlyCount "66"]
[EventDate "2023.11.07"]
[EventType "team-tourn"]
[EventRounds "7"]
[EventCountry "CHI"]
[SourceTitle "CB46_2023"]
[SourceDate "2023.11.15"]
[SourceVersion "1"]
[SourceVersionDate "2023.11.15"]
[SourceQuality "1"]
[WhiteTeam "UACH"]
[BlackTeam "UCH"]
[WhiteTeamCountry "CHI"]
[BlackTeamCountry "CHI"]

1. e4 c5 2. f4 e6 3. Nc3 a6 4. a4 b6 5. Nf3 Bb7 6. Bc4 d5 7. exd5 exd5 8. Qe2+ Be7 9. Ba2 Nf6 10. d3 0-0 11. Bd2 Nc6 12. 0-0-0 Rc8 13. g4 Nb4 14. Bb3 Re8 15. Ne5 Bd6 16. Rhg1 Nd7 17. Rde1 Nxe5 18. fxe5 Rxe5 19. Qf2 Rxe1+ 20. Rxe1 Qd7 21. h3 b5 22. Rf1 c4 23. dxc4 dxc4 24. Ba2 Be5 25. Bb1 f6 26. Qb6 Nc6 27. Nd5 Qxd5 28. Qxb7 Rb8 29. Qxa6 Bxb2+ 30. Kd1 Bc3 31. Rf2 Rd8 32. Ke2 Nd4+ 33. Ke3 Qe5# 0-1

[Event "CHI-ch U20"]
[Site "Quirihue"]
[Date "2022.01.20"]
[Round "6"]
[White "Lemus Pena, Macarena"]
[Black "Contreras Suazo, Ricardo Ignacio"]
[Result "0-1"]
[WhiteElo "1737"]
[BlackElo "1788"]
[PlyCount "95"]
[EventDate "2022.01.17"]
[EventType "swiss"]
[EventRounds "9"]
[EventCountry "CHI"]
[SourceTitle "CBM 206 Extra"]
[Source "ChessBase"]
[SourceDate "2022.03.31"]
[SourceVersion "1"]
[SourceVersionDate "2022.03.31"]
[SourceQuality "1"]

1. Nf3 Nf6 2. c4 g6 3. b4 c6 4. Bb2 Bg7 5. e3 0-0 6. Be2 d5 7. 0-0 Nbd7 8. cxd5 cxd5 9. Qb3 a5 10. a3 axb4 11. Qxb4 Re8 12. Ne5 Nxe5 13. Bxe5 Ne4 14. Bxg7 Kxg7 15. d4 Qa5 16. Qb3 Nd6 17. Rc1 Be6 18. Qb2 Rec8 19. Rc5 Qe1+ 20. Bf1 Ne4 21. Nc3 Qd2 22. Qxd2 Nxd2 23. Rxc8 Rxc8 24. Na4 Nb3 25. Rb1 Nd2 26. Rb2 Nxf1 27. Kxf1 Ra8 28. Rb4 b5 29. Nb6 Rxa3 30. Rxb5 Bf5 31. Rxd5 Bd3+ 32. Ke1 Ra2 33. Nd7 Re2+ 34. Kd1 Rxf2 35. Ne5 Bc2+ 36. Ke1 Rxg2 37. Rd7 Kf8 38. Rd8+ Kg7 39. Rd7 Kf6 40. Kf1 Rxh2 41. Rc7 Rh1+ 42. Kg2 Be4+ 43. Kf2 h5 44. Rc8 Rh2+ 45. Kf1 g5 46. Rf8 Bg6 47. Rb8 g4 48. Rb6+ 0-1

[Event "CHI-ch U20"]
[Site "Quirihue"]
[Date "2022.01.18"]
[Round "2"]
[White "Contreras Suazo, Ricardo Ignacio"]
[Black "Rios Campos, Pablo Antonio"]
[Result "1-0"]
[WhiteElo "1788"]
[BlackElo "1471"]
[PlyCount "49"]
[EventDate "2022.01.17"]
[EventType "swiss"]
[EventRounds "9"]
[EventCountry "CHI"]
[SourceTitle "CBM 206 Extra"]
[Source "ChessBase"]
[SourceDate "2022.03.31"]
[SourceVersion "1"]
[SourceVersionDate "2022.03.31"]
[SourceQuality "1"]

1. e4 e6 2. d4 d5 3. e5 c5 4. c3 Nc6 5. Nf3 Qb6 6. Bd3 c4 7. Bc2 Bd7 8. 0-0 0-0-0 9. b3 Na5 10. Na3 f6 11. exf6 gxf6 12. bxc4 Nxc4 13. Nxc4 dxc4 14. Qe2 Kb8 15. Bf4+ Ka8 16. Rfb1 Qa6 17. Ne5 Be8 18. Be4 Rd5 19. Bxd5 exd5 20. Qf3 Ne7 21. Ng4 Bh5 22. Qh3 Bxg4 23. Qxg4 f5 24. Qe2 Rg8 25. Qe5 1-0

[Event "San Nicolas U2200 1st"]
[Site "San Nicolas"]
[Date "2019.07.13"]
[Round "2.2"]
[White "Contreras Suazo, Ricardo Ignacio"]
[Black "Gonzalez Gonzalez, Joaquin Patricio"]
[Result "1/2-1/2"]
[WhiteElo "1788"]
[BlackElo "1445"]
[PlyCount "24"]
[EventDate "2019.07.13"]
[EventType "swiss"]
[EventRounds "6"]
[EventCountry "CHI"]
[SourceTitle "EXT 2024"]
[Source "ChessBase"]
[SourceDate "2023.10.10"]
[SourceVersion "1"]
[SourceVersionDate "2023.10.10"]
[SourceQuality "1"]

1. e4 c6 2. d4 d5 3. Nd2 dxe4 4. Nxe4 Nf6 5. Nxf6+ exf6 6. Nf3 h6 7. Bf4 Bd6 8. Bc1 Bf8 9. Bc4 Bd6 10. 0-0 0-0 11. c3 b6 12. Qc2 Bb7 1/2-1/2

[Event "CHI-ch U14"]
[Site "Santiago de Chile"]
[Date "2018.10.18"]
[Round "4.2"]
[White "Contreras Suazo, Ricardo Ignacio"]
[Black "Castellanos Villela, Alejandro1111"]
[Result "0-1"]
[WhiteElo "1878"]
[BlackElo "1811"]
[PlyCount "94"]
[EventDate "2018.10.16"]
[EventType "swiss"]
[EventRounds "7"]
[EventCountry "CHI"]
[SourceTitle "EXT 2024"]
[Source "ChessBase"]
[SourceDate "2023.10.10"]
[SourceVersion "1"]
[SourceVersionDate "2023.10.10"]
[SourceQuality "1"]

1. e4 c5 2. Nf3 d6 3. d4 cxd4 4. Nxd4 Nf6 5. Nc3 a6 6. Bg5 Nbd7 7. Qe2 e6 8. 0-0-0 Qc7 9. f4 b5 10. a3 Rb8 11. Nd5 exd5 12. exd5+ Be7 13. Nc6 Nb6 14. Bxf6 gxf6 15. Nxb8 Qxb8 16. Qe4 Qc7 17. Be2 Qc5 18. Bh5 f5 19. Qe2 Qc4 20. Rhe1 Qxf4+ 21. Kb1 Qg5 22. Bf3 Nc4 23. Ka2 Qf6 24. c3 Ne5 25. Rd4 0-0 26. h3 Bd7 27. g4 fxg4 28. Bxg4 Bxg4 29. hxg4 Qg6 30. Rh1 Bg5 31. Rdd1 h6 32. a4 Rb8 33. Rd4 Qf6 34. Rf1 Qd8 35. Qe4 bxa4 36. Rb4 Rb5 37. Rxb5 axb5 38. Qb4 Qd7 39. Rg1 Nc4 40. b3 axb3+ 41. Kxb3 Bd8 42. Kc2 Ba5 43. Qb3 Qe8 44. Rd1 Qe2+ 45. Kb1 Bb6 46. Rh1 Be3 47. Ka1 Nd2 0-1

[Event "Pan American-ch U14"]
[Site "Santiago de Chile"]
[Date "2018.07.25"]
[Round "5"]
[White "Contreras Suazo, Ricardo Ignacio"]
[Black "Takano, Nicholas Ryo"]
[Result "1/2-1/2"]
[WhiteElo "1745"]
[BlackElo "1976"]
[PlyCount "53"]
[EventDate "2018.07.22"]
[EventType "swiss"]
[EventRounds "9"]
[EventCountry "CHI"]
[SourceTitle "EXT 2022"]
[Source "ChessBase"]
[SourceDate "2021.10.06"]
[SourceVersion "1"]
[SourceVersionDate "2021.10.06"]
[SourceQuality "1"]

1. e4 c5 2. d4 cxd4 3. c3 Nf6 4. e5 Nd5 5. Qxd4 e6 6. Bc4 Nc6 7. Qe4 Nb6 8. Bb3 d6 9. exd6 Bxd6 10. Nf3 Nd7 11. Bg5 Be7 12. Bxe7 Qxe7 13. 0-0 0-0 14. Na3 Nc5 15. Qe2 Nxb3 16. axb3 b6 17. Rfd1 Bb7 18. Nc4 Rfd8 19. b4 Qc7 20. Nce5 Nxe5 21. Nxe5 Rxd1+ 22. Rxd1 Rd8 23. Rxd8+ Qxd8 24. f3 h6 25. b5 Qd6 26. Nc4 Qd5 27. Ne5 1/2-1/2

[Event "Pan American-ch U14"]
[Site "Santiago de Chile"]
[Date "2018.07.24"]
[Round "4"]
[White "Varillas Jimenes, Ivan"]
[Black "Contreras Suazo, Ricardo Ignacio"]
[Result "1/2-1/2"]
[WhiteElo "1721"]
[BlackElo "1745"]
[PlyCount "74"]
[EventDate "2018.07.22"]
[EventType "swiss"]
[EventRounds "9"]
[EventCountry "CHI"]
[SourceTitle "EXT 2022"]
[Source "ChessBase"]
[SourceDate "2021.10.06"]
[SourceVersion "1"]
[SourceVersionDate "2021.10.06"]
[SourceQuality "1"]

1. c4 Nf6 2. Nc3 g6 3. g3 Bg7 4. Bg2 d6 5. e4 c5 6. Nge2 e5 7. 0-0 0-0 8. d3 Nc6 9. f4 Nd4 10. h3 h6 11. Nd5 Nxd5 12. cxd5 exf4 13. Bxf4 Kh7 14. Be3 Nxe2+ 15. Qxe2 Qe7 16. Qd2 Bd7 17. Kh2 f5 18. Rfe1 Qd8 19. d4 cxd4 20. Bxd4 Bxd4 21. Qxd4 fxe4 22. Qxe4 Rf7 23. Qb4 Qb6 24. Qxb6 axb6 25. a3 Rc8 26. Rac1 Rxc1 27. Rxc1 Bb5 28. Re1 Bd7 29. Kg1 Kg7 30. Re3 Kf8 31. g4 Rf4 32. Rb3 b5 33. Bf1 b4 34. Kg2 bxa3 35. bxa3 b5 36. Bxb5 Bxb5 37. Rxb5 Ra4 1/2-1/2

[Event "South American-ch U12"]
[Site "Santiago de Chile"]
[Date "2016.12.02"]
[Round "2.1"]
[White "Contreras Suazo, Ricardo Ignacio"]
[Black "Cardoso Cardoso, Jose Gabriel"]
[Result "0-1"]
[WhiteElo "1535"]
[BlackElo "2040"]
[PlyCount "98"]
[EventDate "2016.12.01"]
[EventType "swiss"]
[EventRounds "9"]
[EventCountry "CHI"]
[SourceTitle "EXT 2022"]
[Source "ChessBase"]
[SourceDate "2021.10.06"]
[SourceVersion "1"]
[SourceVersionDate "2021.10.06"]
[SourceQuality "1"]

1. e4 c5 2. Nf3 d6 3. d4 cxd4 4. Nxd4 Nf6 5. Bd3 e6 6. h3 Be7 7. Be3 Nc6 8. 0-0 d5 9. Nxc6 bxc6 10. e5 Nd7 11. f4 0-0 12. Nd2 a5 13. Nf3 c5 14. c4 Nb6 15. b3 Ba6 16. Qc2 g6 17. Rfd1 Qc7 18. Rac1 Rfd8 19. g3 dxc4 20. Bxc4 Nxc4 21. bxc4 Qc6 22. Kf2 Rdb8 23. Rb1 Rb4 24. Rxb4 cxb4 25. Rc1 Rc8 26. Nd4 Qd7 27. Nb3 Rxc4 28. Qd2 Qxd2+ 29. Bxd2 a4 30. Na5 Bc5+ 31. Ke1 Re4+ 32. Kd1 Be2+ 33. Kc2 Bb6 34. Nc6 Rc4+ 35. Kb2 Rxc1 36. Kxc1 b3 37. axb3 axb3 38. Kb2 Bc4 39. Bc3 Bf2 40. g4 Bf1 41. Bd2 g5 42. fxg5 Bxh3 43. Bf4 Bxg4 44. Kxb3 Kg7 45. Kc2 Bf3 46. Nb4 Kg6 47. Kd2 Kf5 48. Be3 Bg3 49. Nc2 Bxe5 0-1